000 00752aas a2200217 4500
999 _c1914
_d1914
003 BR-BrBNA
005 20230317233340.0
007 ta
008 230119b bl ||||| |||| 00| 0 por d
035 _a000485-5
040 _aBR-BrBNA
_bPor
_cBR-BrBNA
042 _aN
044 _abl
245 _aArticulação Pesquisa-Extensão - Empresa de Assistência Técnica e Extensão Rural do Ceará (Brazil)
260 _aFortaleza-CE
_bEmpresa de Assistência Técnica e Extensão Rural do Ceará
_c1988. Data final de publicação em 1991
_eBCE
270 _aAv. Central c/ Variante A - Cambeba - Caixa Postal 5 - 60820-000 - Fortaleza - CE
310 _airregular
505 _a1988 (3); 1990 (4); 1991 (5-7);
909 _a56
_bSergio Santos
_c56
_dSergio Santos
942 _cCR
_2AGRIS